000 00463nam a2200181Ia 4500
001 11917
005 20260306162903.0
008 260306t2021||||xx |||||||||||||| ||spa||
041 _aESP
082 _aHR 301
_bV. 51 2021 REAA
110 _aUniversidad Complutense de Madrid
245 0 _aRevista española de antropología americana
260 _c2021
300 _a273 páginas :
_c24 cm.
650 _aGEN
654 _aCHU
942 _cREV
_dJUS
_fJUS
_2ddc
_n
999 _c11917
_d11917